[Event "A Slow, Leisurely Stroll Through the World of Ches"]
[Site "SchemingMind.com"]
[Date "2009.08.04"]
[Round "-"]
[White "CRIS PORTI"]
[Black "tyler_ensor"]
[Result "1/2-1/2"]
[WhiteCountry "ARG"]
[BlackCountry "CAN"]
[WhiteElo "1806"]
[WhiteRD "81"]
[BlackElo "1812"]
[BlackRD "66"]
[GameID "214723"]

1. e4 e6 2. d4 d5 3. Nc3 Nf6 4. Bg5 Be7 5. e5 Nfd7 6. Bxe7 Qxe7 7. Bd3 a6 8. Qg4 f5 9. Qg3 c5 10. dxc5 Nxc5
11. O-O-O Nc6 12. Nf3 Bd7 13. Rhe1 O-O 14. Nd2 Be8 15. Nb3 Ne4 16. Bxe4 fxe4 17. Rd2 Rf5 18. f4 Rc8 19. Re3 b5 20. a3 Qa7
21. Ne2 Bd7 22. Ned4 Nxd4 23. Nxd4 Rff8 24. h4 Rc4 25. c3 Rfc8 26. Kb1 a5 27. Qg4 Re8 28. Rg3 Re7 29. f5 exf5 30. Nxf5 Bxf5
31. Qxf5 Qd7 32. Qxd7 Rxd7 33. e6 Rd6 34. Re3 Kf8 35. Rf2+ Ke8 36. Rf7 Rxe6 37. Rxg7 Re7 38. Rg5 Rd7=
1/2-1/2

[Event "A Slow, Leisurely Stroll Through the World of Ches"]
[Site "SchemingMind.com"]
[Date "2009.08.05"]
[Round "-"]
[White "tyler_ensor"]
[Black "CRIS PORTI"]
[Result "1/2-1/2"]
[WhiteCountry "CAN"]
[BlackCountry "ARG"]
[WhiteElo "1787"]
[WhiteRD "71"]
[BlackElo "1784"]
[BlackRD "83"]
[GameID "214724"]

1. d4 Nf6 2. c4 g6 3. Nc3 d5 4. Bf4 c6 5. e3 Bg7 6. Nf3 O-O 7. Bd3 Bg4 8. Qc2 Bxf3 9. gxf3 dxc4 10. Bxc4 Nd5
11. Nxd5 cxd5 12. Bd3 Nc6 13. a3 e5 14. dxe5 Nxe5 15. Bxe5 Bxe5 16. f4 Bg7 17. O-O Rc8 18. Qd2 Qh4 19. Rac1 Qg4+ 20. Kh1 Qf3+=
1/2-1/2

[Event "A Slow, Leisurely Stroll Through the World of Ches"]
[Site "SchemingMind.com"]
[Date "2009.08.04"]
[Round "-"]
[White "norlavuaram"]
[Black "tyler_ensor"]
[Result "0-1"]
[WhiteCountry "PER"]
[BlackCountry "CAN"]
[WhiteElo "1725"]
[WhiteRD "90"]
[BlackElo "1812"]
[BlackRD "66"]
[GameID "214807"]

1. e4 e6 2. d4 d5 3. Nd2 Nf6 4. e5 Nfd7 5. Bd3 c5 6. c3 Nc6 7. Ne2 cxd4 8. cxd4 f6 9. exf6 Nxf6 10. O-O Bd6
11. Nf3 O-O 12. Bg5 Bd7 13. Rc1 Be8 14. Bb1 Bh5 15. Ng3 Bxf3 16. gxf3 h6 17. Be3 Qe8 18. f4 Ne7 19. f5 exf5 20. Qd3 Ne4
21. Qb3 Nd2 22. Bxd2 Kh8 23. Qf3 f4 24. Ne2 g5 25. Qd3 Rf7 26. Rc7 Bxc7 27. Bb4 Nc6 28. Bc3 Qe6 29. Re1 f3 30. Ng3 Qh3
31. Qg6 Qg2#
0-1

[Event "A Slow, Leisurely Stroll Through the World of Ches"]
[Site "SchemingMind.com"]
[Date "2009.08.05"]
[Round "-"]
[White "norlavuaram"]
[Black "CRIS PORTI"]
[Result "0-1"]
[WhiteCountry "PER"]
[BlackCountry "ARG"]
[WhiteElo "1669"]
[WhiteRD "87"]
[BlackElo "1809"]
[BlackRD "77"]
[GameID "214808"]

1. e4 e5 2. Nf3 Nc6 3. Bb5 a6 4. Ba4 Nf6 5. O-O b5 6. Bb3 Be7 7. Re1 O-O 8. c3 Na5 9. Bc2 d6 10. d4 Bg4
11. Nbd2 c5 12. d5 Qb6 13. h3 Bxf3 14. Nxf3 h6 15. Be3 Nc4 16. Bc1 b4 17. cxb4 cxb4 18. b3 Na5 19. Bb2 Rac8 20. Rc1 Nb7
21. Bb1 Rxc1 22. Qxc1 Nc5 23. Qe3 Nfd7 24. Nd2 Bg5 25. Qe2 Bxd2 26. Qxd2 f6= 27. Qe3 a5 28. Qg3 Qb5 29. Bc1 Kh7 30. f4 exf4
31. Bxf4 Ne5
0-1

[Event "A Slow, Leisurely Stroll Through the World of Ches"]
[Site "SchemingMind.com"]
[Date "2009.08.06"]
[Round "-"]
[White "tyler_ensor"]
[Black "norlavuaram"]
[Result "1-0"]
[WhiteCountry "CAN"]
[BlackCountry "PER"]
[WhiteElo "1785"]
[WhiteRD "68"]
[BlackElo "1669"]
[BlackRD "87"]
[GameID "214809"]

1. d4 Nf6 2. c4 g6 3. Nc3 Bg7 4. e4 d6 5. f3 O-O 6. Be3 e5 7. dxe5 dxe5 8. Qxd8 Rxd8 9. Rd1 Rxd1+ 10. Kxd1 c6
11. Bd3 Be6 12. Nge2 Nbd7 13. b4 b6 14. a3 Rd8 15. Kc2= h6 16. Rd1 Nb8 17. Nc1 Kh7 18. N1e2 Nbd7 19. Kb2 c5 20. b5 Nf8
21. Nd5 Bxd5 22. cxd5 N6d7 23. Nc3 Nf6 24. Bc4 N8d7 25. d6 Kg8 26. Nd5 Nxd5 27. Bxd5 Bf8 28. Bc6 g5 29. Kc3 f6 30. a4 Kf7
31. Bd5+ Ke8 32. Be6
1-0

[Event "A Slow, Leisurely Stroll Through the World of Ches"]
[Site "SchemingMind.com"]
[Date "2009.08.06"]
[Round "-"]
[White "CRIS PORTI"]
[Black "norlavuaram"]
[Result "0-1"]
[WhiteCountry "ARG"]
[BlackCountry "PER"]
[WhiteElo "1784"]
[WhiteRD "83"]
[BlackElo "1794"]
[BlackRD "87"]
[GameID "214810"]

1. e4 e5 2. Nf3 Nc6 3. d4 exd4 4. c3 dxc3 5. Bc4 d6 6. Nxc3 Bg4 7. Bxf7+ Kxf7 8. Qd5+ Ke8 9. Ng5 Qf6 10. f3 Bd7
11. Nb5 Rc8 12. Nxh7 Qh4+ 13. g3 Qxh7 14. Bg5 Nf6 15. Bxf6 gxf6 16. h4 a6
0-1

[Event "A Slow, Leisurely Stroll Through the World of Ches"]
[Site "SchemingMind.com"]
[Date "2009.08.06"]
[Round "-"]
[White "e_castle3"]
[Black "norlavuaram"]
[Result "0-1"]
[WhiteCountry "PHI"]
[BlackCountry "PER"]
[WhiteElo "1729"]
[WhiteRD "75"]
[BlackElo "1794"]
[BlackRD "87"]
[GameID "214902"]

1. e4 e5 2. Nf3 Nc6 3. Bb5 a6 4. Ba4 Nf6 5. O-O Be7 6. Re1 b5 7. Bb3 O-O 8. c3 d6 9. d4 Bg4 10. d5 Nb8
11. h3 Bh5 12. Bg5 Nbd7 13. Nbd2 h6 14. Bh4 Bg6 15. a4 Rb8 16. axb5 axb5 17. Qe2 b4 18. c4 Nc5 19. Bd1 Nfxe4 20. Bxe7 Qxe7
21. Nxe4 Bxe4 22. b3 Bd3 23. Qd2 Qf6 24. Ra7 e4 25. Nh2 Qe7 26. Re3 Ra8 27. Qa2 Rxa7 28. Qxa7 f5 29. Rg3 f4 30. Rg6 e3
0-1

[Event "A Slow, Leisurely Stroll Through the World of Ches"]
[Site "SchemingMind.com"]
[Date "2009.08.05"]
[Round "-"]
[White "e_castle3"]
[Black "tyler_ensor"]
[Result "0-1"]
[WhiteCountry "PHI"]
[BlackCountry "CAN"]
[WhiteElo "1740"]
[WhiteRD "70"]
[BlackElo "1791"]
[BlackRD "66"]
[GameID "214903"]

1. f4 Nf6 2. Nf3 b6 3. Nc3 Bb7 4. d3 e6 5. e4 d5 6. e5 Nfd7 7. d4 a6 8. Bd3 c5 9. Be3 Nc6 10. Qe2 c4
11. Bxh7 Rxh7 12. O-O-O Bb4 13. Nb1 b5 14. c3 Be7 15. Qc2 Rh8 16. f5 exf5 17. Qxf5 Bc8 18. e6 fxe6 19. Qxe6 Nde5 20. Qxe5 Nxe5
21. Nxe5 Bf5 22. Rdf1 Bg5
0-1

[Event "A Slow, Leisurely Stroll Through the World of Ches"]
[Site "SchemingMind.com"]
[Date "2009.08.08"]
[Round "-"]
[White "e_castle3"]
[Black "CRIS PORTI"]
[Result "1-0"]
[WhiteCountry "PHI"]
[BlackCountry "ARG"]
[WhiteElo "1740"]
[WhiteRD "70"]
[BlackElo "1781"]
[BlackRD "86"]
[GameID "214904"]

1. Nf3 d5 2. g3 c5 3. Bg2 Nc6 4. O-O Nf6 5. d3 e6 6. b3 Be7 7. Bb2 O-O 8. Nbd2 b5 9. Re1 Bb7 10. e4 dxe4
11. dxe4 Qc7 12. c4 bxc4 13. Nxc4 Rad8 14. Qc2 Nb4 15. Qc3 Nxe4 16. Qxg7#
1-0

[Event "A Slow, Leisurely Stroll Through the World of Ches"]
[Site "SchemingMind.com"]
[Date "2009.08.08"]
[Round "-"]
[White "norlavuaram"]
[Black "e_castle3"]
[Result "0-1"]
[WhiteCountry "PER"]
[BlackCountry "PHI"]
[WhiteElo "1669"]
[WhiteRD "87"]
[BlackElo "1748"]
[BlackRD "81"]
[GameID "214905"]

1. e4 c6 2. d4 d5 3. Nd2 dxe4 4. Nxe4 Bf5 5. Ng3 Bg6 6. Nf3 Nd7 7. h4 h6 8. h5 Bh7 9. Bd3 Bxd3 10. Qxd3 Ngf6
11. Bd2 e6 12. O-O-O Bd6 13. Kb1 Qe7 14. Ne4 Nxe4 15. Qxe4 Nf6 16. Qh4 a5 17. Rhe1 a4 18. Bc3 b5 19. Ne5 Bxe5 20. dxe5 Nd5
21. Qxe7+ Kxe7 22. Bd4 Rhc8 23. Bc5+ Ke8 24. g3 b4 25. Bd6 a3 26. Rd4 c5 27. Rc4 axb2 28. Kxb2 Ra5 29. f4 Rca8 30. Ra1 Rc8
31. a3 Rca8 32. Bxc5 Rxa3 33. Rxa3 Rxa3 34. Bxb4 Rxg3 35. Bd2 Kd7 36. Rd4 Kc6 37. c4 Nb6 38. Rd6+ Kc5 39. Bb4+ Kxb4 40. Rxb6+ Kxc4
41. Rb7 Rh3 42. Rxf7 Rxh5 43. Rxg7 Rf5 44. Rg6 Kd5
0-1

[Event "A Slow, Leisurely Stroll Through the World of Ches"]
[Site "SchemingMind.com"]
[Date "2009.08.08"]
[Round "-"]
[White "tyler_ensor"]
[Black "e_castle3"]
[Result "1-0"]
[WhiteCountry "CAN"]
[BlackCountry "PHI"]
[WhiteElo "1791"]
[WhiteRD "66"]
[BlackElo "1740"]
[BlackRD "70"]
[GameID "214906"]

1. d4 d5 2. c4 c6 3. cxd5 cxd5 4. Bf4 Nc6 5. e3 e6 6. Nf3 Bd6 7. Bxd6 Qxd6 8. Nc3 Nf6 9. Bd3 O-O 10. O-O Bd7
11. a3 a6 12. Rc1 Rfc8 13. Qe2 Ne7 14. Ne5 Be8 15. Rc2 Ng6 16. Nxg6 hxg6 17. Rfc1 Bc6 18. Na4 Qd8 19. Nc5 Nd7 20. Nxa6 bxa6
21. Rxc6 Rxc6 22. Rxc6 a5 23. g3 e5 24. Rd6 e4 25. Bb5
1-0

[Event "A Slow, Leisurely Stroll Through the World of Ches"]
[Site "SchemingMind.com"]
[Date "2009.08.08"]
[Round "-"]
[White "CRIS PORTI"]
[Black "e_castle3"]
[Result "1-0"]
[WhiteCountry "ARG"]
[BlackCountry "PHI"]
[WhiteElo "1781"]
[WhiteRD "86"]
[BlackElo "1740"]
[BlackRD "70"]
[GameID "214907"]

1. e4 c6 2. d4 d5 3. Nc3 dxe4 4. Nxe4 Bf5 5. Ng3 Bg6 6. h4 h6 7. h5 Bh7 8. Nf3 Nf6 9. Bd3 e6 10. Bxh7 Nxh7
11. c4 Bd6 12. Ne4 Bc7 13. Qb3 Ba5+ 14. Bd2 Bxd2+ 15. Kxd2 Qc7 16. Qxb7 Qxb7 17. Nd6+
1-0

[Event "A Slow, Leisurely Stroll Through the World of Ches"]
[Site "SchemingMind.com"]
[Date "2009.08.08"]
[Round "-"]
[White "Ivancic"]
[Black "e_castle3"]
[Result "1-0"]
[WhiteCountry "AUS"]
[BlackCountry "PHI"]
[WhiteElo "1988"]
[WhiteRD "76"]
[BlackElo "1747"]
[BlackRD "69"]
[GameID "214991"]

1. e4 e5 2. Nf3 Nc6 3. Bb5 d6 4. d4 exd4 5. Qxd4 Bd7 6. Bxc6 Bxc6 7. c4 Qf6 8. Nc3 Qxd4 9. Nxd4 Bd7 10. Be3 g6
11. Ndb5 Kd8 12. Nxa7 c6 13. b4 Bg7 14. Rc1 Kc7 15. b5 c5 16. Nd5+ Kd8 17. b6 Ne7 18. Bg5 Bf8 19. Bf6 Rg8 20. Rd1
1-0

[Event "A Slow, Leisurely Stroll Through the World of Ches"]
[Site "SchemingMind.com"]
[Date "2009.08.06"]
[Round "-"]
[White "Ivancic"]
[Black "norlavuaram"]
[Result "1-0"]
[WhiteCountry "AUS"]
[BlackCountry "PER"]
[WhiteElo "1962"]
[WhiteRD "79"]
[BlackElo "1794"]
[BlackRD "87"]
[GameID "214992"]

1. e4 e5 2. Nf3 Nc6 3. Bb5 a6 4. Ba4 Nf6 5. O-O Be7 6. Re1 b5 7. Bb3 O-O 8. c3 d6 9. h3 Nb8 10. d4 Nbd7
11. Nbd2 Bb7 12. Bc2 c5 13. Nf1 Qc7 14. d5 Rfe8 15. g4 Bf8 16. Ng3 g6 17. g5 Nh5 18. Nxh5 gxh5 19. Nh4 Bg7 20. Qxh5 Nf8
21. Nf5 Ng6 22. h4 f6 23. Kh2 Bc8 24. Rg1 Rf8 25. Rg3 Nf4 26. Bxf4 exf4 27. Rg2 Bxf5 28. exf5 Rae8 29. gxf6
1-0

[Event "A Slow, Leisurely Stroll Through the World of Ches"]
[Site "SchemingMind.com"]
[Date "2009.08.06"]
[Round "-"]
[White "Ivancic"]
[Black "tyler_ensor"]
[Result "1-0"]
[WhiteCountry "AUS"]
[BlackCountry "CAN"]
[WhiteElo "1988"]
[WhiteRD "76"]
[BlackElo "1788"]
[BlackRD "64"]
[GameID "214993"]

1. e4 e6 2. d4 d5 3. exd5 exd5 4. c4 Nf6 5. Nc3 Be7 6. cxd5 Nxd5 7. Nf3 Bf5 8. a3 O-O 9. Bc4 Re8 10. Nxd5 Bxa3+
11. Ne5 Bd6 12. f4 Nd7 13. O-O c6 14. Nc3 Nf6 15. Nxf7
1-0

[Event "A Slow, Leisurely Stroll Through the World of Ches"]
[Site "SchemingMind.com"]
[Date "2009.08.08"]
[Round "-"]
[White "Ivancic"]
[Black "CRIS PORTI"]
[Result "1-0"]
[WhiteCountry "AUS"]
[BlackCountry "ARG"]
[WhiteElo "1951"]
[WhiteRD "83"]
[BlackElo "1775"]
[BlackRD "84"]
[GameID "214994"]

1. e4 e5 2. Nf3 Nc6 3. Bb5 a6 4. Ba4 Nf6 5. O-O b5 6. Bb3 Be7 7. Re1 O-O 8. c3 Na5 9. Bc2 d6 10. d4 exd4
11. cxd4 c5 12. Nbd2 Bg4 13. h3 Bxf3 14. Nxf3 Nc6 15. d5 Ne5 16. Nh2 h6 17. f4 Ng6 18. Nf3 Nd7 19. e5 f5 20. e6 Nb6
21. b4 cxb4 22. Nd4 Bf6 23. Nc6 Qc7 24. Rb1 Ne7 25. Nxe7+ Bxe7 26. Be3 Nc4 27. Rxb4 Nxe3 28. Rxe3 Qc5 29. Rb3 Rac8 30. Bb1 g6
31. Kh2 Bf6 32. Rg3 Kh7 33. Bxf5 gxf5 34. Qh5 Qc7 35. Rg6 Bg7 36. Rbg3 Rg8 37. Qxf5 Rcf8 38. Rxg7+
1-0

[Event "A Slow, Leisurely Stroll Through the World of Ches"]
[Site "SchemingMind.com"]
[Date "2009.08.09"]
[Round "-"]
[White "e_castle3"]
[Black "Ivancic"]
[Result "0-1"]
[WhiteCountry "PHI"]
[BlackCountry "AUS"]
[WhiteElo "1740"]
[WhiteRD "70"]
[BlackElo "1943"]
[BlackRD "75"]
[GameID "214995"]

1. f4 g6 2. e4 c5 3. Nf3 Bg7 4. Be2 Nc6 5. O-O d6 6. d3 Nf6 7. c3 O-O 8. h3 Nh5 9. Qe1 f5 10. Be3 fxe4
11. dxe4 Nxf4 12. Bc4+ e6 13. Nbd2 Kh8 14. Rd1 Qe7 15. Qg3 Nh5 16. Qe1 a6 17. Bg5 Qc7 18. g4 Nf6 19. Qe3 d5 20. Bxf6 Qg3+
21. Kh1 Qxh3+ 22. Kg1 Bxf6 23. Be2 Nd4 24. e5 Qxg4+ 25. Kh2 Nxe2 26. Qxe2 Bg5
0-1

[Event "A Slow, Leisurely Stroll Through the World of Ches"]
[Site "SchemingMind.com"]
[Date "2009.08.07"]
[Round "-"]
[White "norlavuaram"]
[Black "Ivancic"]
[Result "0-1"]
[WhiteCountry "PER"]
[BlackCountry "AUS"]
[WhiteElo "1669"]
[WhiteRD "87"]
[BlackElo "1982"]
[BlackRD "87"]
[GameID "214996"]

1. e4 c5 2. Nf3 d6 3. d4 cxd4 4. Nxd4 Nf6 5. Nc3 g6 6. Bc4 Bg7 7. Be3 Nc6 8. Qd2 Ng4 9. Nxc6 bxc6 10. O-O Nxe3
11. Qxe3 O-O 12. Rad1 Qb6 13. Qxb6 axb6 14. Bb3 Bxc3 15. bxc3 b5 16. c4 bxc4 17. Bxc4 Ra4 18. Bb3 Rxe4 19. Rfe1 Rxe1+ 20. Rxe1 e5
21. a4 Be6 22. Rd1 d5 23. Kf1 f5 24. a5 Ra8 25. Ra1 Ra6 26. Ke2 c5 27. Ra3 Kf7 28. Ba4 Ke7 29. Bb5 Ra7 30. c3 Bd7
31. c4 d4 32. f3 h5 33. Kd3 Kd6 34. h4 Bc6 35. Ke2 e4 36. fxe4 Bxe4 37. a6 f4
0-1

[Event "A Slow, Leisurely Stroll Through the World of Ches"]
[Site "SchemingMind.com"]
[Date "2009.08.07"]
[Round "-"]
[White "tyler_ensor"]
[Black "Ivancic"]
[Result "0-1"]
[WhiteCountry "CAN"]
[BlackCountry "AUS"]
[WhiteElo "1788"]
[WhiteRD "64"]
[BlackElo "1988"]
[BlackRD "76"]
[GameID "214997"]

1. d4 Nf6 2. c4 e6 3. Nc3 Bb4 4. Qc2 Nc6 5. Nf3 d6 6. a3 Bxc3+ 7. Qxc3 Qe7 8. Bf4 O-O 9. e3 Ne4 10. Qc2 f5
11. Bd3 e5 12. Nxe5 dxe5 13. Bg5 Qxg5 14. Bxe4 fxe4
0-1

[Event "A Slow, Leisurely Stroll Through the World of Ches"]
[Site "SchemingMind.com"]
[Date "2009.08.09"]
[Round "-"]
[White "CRIS PORTI"]
[Black "Ivancic"]
[Result "0-1"]
[WhiteCountry "ARG"]
[BlackCountry "AUS"]
[WhiteElo "1809"]
[WhiteRD "77"]
[BlackElo "1982"]
[BlackRD "87"]
[GameID "214998"]

1. e4 c5 2. Nf3 d6 3. d4 cxd4 4. Nxd4 Nf6 5. Nc3 g6 6. Bd3 Nc6 7. Nxc6 bxc6 8. O-O Bg7 9. Be3 O-O 10. Qd2 Ng4
11. Rfe1 Nxe3 12. Qxe3 Bxc3 13. bxc3 c5 14. f4 Qc7 15. e5 d5 16. c4 e6 17. cxd5 exd5 18. c4 d4 19. Qf3 Bb7 20. Be4 Bxe4
21. Qxe4 Rfe8 22. f5 Rab8 23. f6 Re6 24. Qf4 Qd8 25. h4 Rb4 26. h5 Rxc4 27. hxg6 hxg6 28. Kf2 Qd5 29. Qe4 Qxe4 30. Rxe4 Rb6
31. Rae1 Rb2+ 32. Kf1 Rcc2 33. g4 Rf2+ 34. Kg1 Rg2+ 35. Kh1 Rh2+ 36. Kg1 Rbg2+ 37. Kf1 Rxa2 38. Kg1 d3 39. e6 fxe6 40. Rxe6 Rhe2
41. R1xe2 Rxe2 42. Rxe2 dxe2 43. Kf2 g5 44. Kxe2 Kf7 45. Kd3 Kxf6 46. Kc4 Ke5 47. Kxc5 Kf4
0-1

[Event "A Slow, Leisurely Stroll Through the World of Ches"]
[Site "SchemingMind.com"]
[Date "2009.08.08"]
[Round "-"]
[White "agarr"]
[Black "e_castle3"]
[Result "1/2-1/2"]
[WhiteCountry "RUS"]
[BlackCountry "PHI"]
[WhiteElo "1737"]
[WhiteRD "80"]
[BlackElo "1729"]
[BlackRD "75"]
[GameID "215004"]

1. e4 b6 2. d4 Bb7 3. Nc3 e6 4. Nf3 d5 5. exd5 exd5 6. Bd3 Nf6 7. O-O Nbd7 8. Bg5 Be7 9. Re1 O-O 10. Ne5 Nxe5
11. dxe5 Ne8 12. Bxe7 Qxe7 13. Qh5 h6 14. f4 c5 15. Re3 c4 16. Bf5 Qc5 17. Re1 d4 18. Ne4 Bxe4 19. Rxe4 d3+ 20. Kh1 d2
21. Rd1 g6 22. Qg4 Ng7 23. Bd7 c3 24. b4 Qd5 25. Re3 Qd4 26. Qh3 Rad8 27. Rd3 Qxb4 28. Qxh6 Qe4 29. Qh4 Nh5 30. Bc6 Qxc6
31. Rxd8 Rxd8 32. Qxd8+ Kg7 33. Qd4 Kh7 34. Kg1 Ng7 35. Qd3 Nf5 36. Kf2 Qc5+ 37. Ke2 Nd4+ 38. Kf1 Nf5 39. Ke2 Nd4+=
1/2-1/2

[Event "A Slow, Leisurely Stroll Through the World of Ches"]
[Site "SchemingMind.com"]
[Date "2009.08.06"]
[Round "-"]
[White "agarr"]
[Black "norlavuaram"]
[Result "1-0"]
[WhiteCountry "RUS"]
[BlackCountry "PER"]
[WhiteElo "1758"]
[WhiteRD "78"]
[BlackElo "1780"]
[BlackRD "90"]
[GameID "215005"]

1. e4 e5 2. Nf3 Nc6 3. Bc4 Bc5 4. c3 Nf6 5. d4 exd4 6. cxd4 Bb4+ 7. Nc3 Nxe4 8. O-O Bxc3 9. bxc3 d5 10. Re1 O-O
11. Bd3 f5 12. Qc2 Be6 13. Bf4 Qe7 14. Ne5 Nxe5 15. Bxe5 c6 16. f3 Nd6 17. g4 fxg4 18. Bxh7+ Kh8 19. Qg6 gxf3 20. Qh5 f2+
21. Kg2 fxe1=N+ 22. Rxe1
1-0

[Event "A Slow, Leisurely Stroll Through the World of Ches"]
[Site "SchemingMind.com"]
[Date "2009.08.07"]
[Round "-"]
[White "agarr"]
[Black "Ivancic"]
[Result "0-1"]
[WhiteCountry "RUS"]
[BlackCountry "AUS"]
[WhiteElo "1737"]
[WhiteRD "80"]
[BlackElo "1962"]
[BlackRD "79"]
[GameID "215006"]

1. e4 c5 2. Nf3 d6 3. Bc4 Nf6 4. d3 Nc6 5. O-O e6 6. Bg5 Be7 7. Nc3 O-O 8. h3 a6 9. a3 b5 10. Bb3 Bb7
11. Bf4 d5 12. exd5 exd5 13. Re1 c4 14. dxc4 bxc4 15. Ba4 Bc5 16. Bg5 Qb6 17. Qd2 Nd4 18. Ne5 Rfc8 19. Bxf6 Qxf6 20. Nd7 Qd6
21. Nxc5 Qxc5 22. Re5 f6 23. Re3 Nf5 24. Re6 d4 25. Ne2 Bd5 26. b4 Qa7 27. Nf4 Bxe6 28. Nxe6 Qb7 29. Nc5 Qd5 30. Bd7 Rxc5
31. Bxf5 Rc7 32. Qf4 Re7 33. Rd1 Rd8
0-1

[Event "A Slow, Leisurely Stroll Through the World of Ches"]
[Site "SchemingMind.com"]
[Date "2009.08.06"]
[Round "-"]
[White "agarr"]
[Black "tyler_ensor"]
[Result "1-0"]
[WhiteCountry "RUS"]
[BlackCountry "CAN"]
[WhiteElo "1758"]
[WhiteRD "78"]
[BlackElo "1791"]
[BlackRD "66"]
[GameID "215007"]

1. e4 e6 2. d4 d5 3. exd5 exd5 4. Nf3 Bd6 5. Bg5 Ne7 6. Bd3 O-O 7. O-O f6 8. Bh4 Bf5 9. Nc3 c6 10. Bg3 Bxg3
11. fxg3 Bxd3 12. Qxd3 Nd7 13. Rae1 Re8 14. Re2 Qc7 15. Rfe1 Kf8 16. Qxh7 f5 17. Qh8+ Kf7= 18. Ng5+ Kf6 19. Re6+
1-0

[Event "A Slow, Leisurely Stroll Through the World of Ches"]
[Site "SchemingMind.com"]
[Date "2009.08.08"]
[Round "-"]
[White "agarr"]
[Black "CRIS PORTI"]
[Result "1/2-1/2"]
[WhiteCountry "RUS"]
[BlackCountry "ARG"]
[WhiteElo "1758"]
[WhiteRD "83"]
[BlackElo "1775"]
[BlackRD "84"]
[GameID "215008"]

1. e4 e5 2. Nf3 Nc6 3. Bc4 Bc5 4. c3 h6 5. d4 exd4 6. cxd4 Bb4+ 7. Nc3 Bxc3+ 8. bxc3 d6 9. O-O Nf6 10. Qb3 O-O
11. e5 d5 12. Bd3 Ne4 13. Re1 Bf5 14. Qxb7 Na5 15. Qa6 c5 16. Ba3 Bc8 17. Qb5 a6 18. Qb2 Re8 19. Bxc5 Nc4 20. Bxc4 Nxc5
21. dxc5 dxc4 22. Qb6 Qxb6 23. cxb6 Rb8 24. Rab1 Re6 25. Nd2 Rexb6 26. Rxb6 Rxb6 27. Nxc4 Rc6 28. Nd6 Rxc3 29. Nxc8 Rxc8 30. f4 Rc2
31. Ra1 Kf8 32. a4 Rc4 33. g3 Ke7 34. Kg2 g5 35. Kf3 f5 36. exf6+=
1/2-1/2

[Event "A Slow, Leisurely Stroll Through the World of Ches"]
[Site "SchemingMind.com"]
[Date "2009.08.08"]
[Round "-"]
[White "e_castle3"]
[Black "agarr"]
[Result "1-0"]
[WhiteCountry "PHI"]
[BlackCountry "RUS"]
[WhiteElo "1747"]
[WhiteRD "69"]
[BlackElo "1704"]
[BlackRD "82"]
[GameID "215009"]

1. e4 e5 2. Nf3 Nc6 3. Bb5 Bc5 4. O-O d6 5. c3 Bd7 6. d4 exd4 7. cxd4 Bb6 8. Nc3 Nge7 9. Bg5 O-O 10. Nd5 f6
11. Nxe7+ Qxe7 12. Be3 Nxd4 13. Nxd4 Bxd4 14. Bc4+
1-0

[Event "A Slow, Leisurely Stroll Through the World of Ches"]
[Site "SchemingMind.com"]
[Date "2009.08.06"]
[Round "-"]
[White "norlavuaram"]
[Black "agarr"]
[Result "1-0"]
[WhiteCountry "PER"]
[BlackCountry "RUS"]
[WhiteElo "1805"]
[WhiteRD "87"]
[BlackElo "1704"]
[BlackRD "82"]
[GameID "215010"]

1. e4 e5 2. Nf3 Nc6 3. Bb5 Bc5 4. O-O d6 5. h3 Ne7 6. c3 O-O 7. d4 exd4 8. cxd4 Bb6 9. Nc3 Bd7 10. Be3 Ng6
11. Rc1 Nxd4 12. Nxd4
1-0

[Event "A Slow, Leisurely Stroll Through the World of Ches"]
[Site "SchemingMind.com"]
[Date "2009.08.07"]
[Round "-"]
[White "Ivancic"]
[Black "agarr"]
[Result "0-1"]
[WhiteCountry "AUS"]
[BlackCountry "RUS"]
[WhiteElo "1943"]
[WhiteRD "75"]
[BlackElo "1758"]
[BlackRD "78"]
[GameID "215011"]

1. e4 e5 2. Nf3 Nc6 3. Bb5 Bc5 4. O-O d6 5. c3 Bd7 6. d4 exd4 7. cxd4 Bb6 8. Bg5 Nge7 9. Nc3 O-O 10. Ba4 f6
11. Bh4 Kh8 12. Bc2 Ng6 13. Bg3 Bg4 14. Ne2 Re8 15. h3 Bxf3 16. gxf3 f5 17. d5 Nce5 18. Nc3 f4 19. Bh2 Qg5+ 20. Kh1 Nh4
21. Rg1 Qh6 22. Rg4 Nxg4 23. fxg4 Bxf2 24. Qd3 Be3 25. Rf1 Ng6
0-1

[Event "A Slow, Leisurely Stroll Through the World of Ches"]
[Site "SchemingMind.com"]
[Date "2009.08.07"]
[Round "-"]
[White "tyler_ensor"]
[Black "agarr"]
[Result "0-1"]
[WhiteCountry "CAN"]
[BlackCountry "RUS"]
[WhiteElo "1779"]
[WhiteRD "70"]
[BlackElo "1758"]
[BlackRD "83"]
[GameID "215012"]

1. d4 d5 2. c4 dxc4 3. Nf3 Bf5 4. Nc3 Nf6 5. e3 e6 6. Bxc4 Bb4 7. Bd2 O-O 8. Ne2 Bxd2+ 9. Nxd2 Nc6 10. O-O Na5
11. Bb5 a6 12. Ba4 Ne4 13. Nxe4 Bxe4 14. f3 Bg6 15. Rc1 b5 16. Bc2 Nc4 17. Bxg6 hxg6 18. Qd3 Nxb2 19. Qb3= Nc4 20. Rc3 Nd2
21. Qc2 Nxf1 22. Kxf1 b4 23. Rxc7 Rc8 24. Rc5 Rxc5 25. Qxc5 a5 26. Ng3 Qd5 27. Qc2 Rd8 28. Ne4 e5 29. dxe5 Qd1+ 30. Qxd1 Rxd1+
0-1

[Event "A Slow, Leisurely Stroll Through the World of Ches"]
[Site "SchemingMind.com"]
[Date "2009.08.08"]
[Round "-"]
[White "CRIS PORTI"]
[Black "agarr"]
[Result "1-0"]
[WhiteCountry "ARG"]
[BlackCountry "RUS"]
[WhiteElo "1806"]
[WhiteRD "81"]
[BlackElo "1698"]
[BlackRD "85"]
[GameID "215013"]

1. e4 e5 2. Nf3 Nc6 3. d4 exd4 4. c3 d6 5. Bc4 Bg4 6. cxd4 Qf6 7. Be3 O-O-O 8. Nc3 Nge7 9. O-O Bxf3 10. Qxf3 Qxf3
11. gxf3 f6 12. Be6+ Kb8 13. d5 Ne5 14. Nb5 a6 15. a4 axb5 16. axb5 b6 17. Ra6 Nc8 18. Rfa1 Nd7 19. Ra8+ Kb7 20. f4 Be7
21. e5 fxe5 22. fxe5 dxe5 23. d6 cxd6 24. Bd5+ Kc7 25. Rc1+ Nc5 26. b4 h6 27. bxc5 dxc5 28. Be6 g5 29. Bxc8 Rxc8 30. Ra7+ Kd6
31. Rd1+ Ke6 32. Rdd7 Bd6 33. Rdb7 Rb8 34. Rg7 Kd5 35. Rg6 c4 36. Rd7 Rbd8 37. Rgxd6+
1-0